000 004430000a22001810004500
003 MACL
005 20160123150723.0
008 160123b xxu||||| |||| 00| 0 eng d
040 _aMACL
_cMACL
041 _aEnglish
082 _a530/NAI
100 _aNaik, P.V.
_934357
245 _aPrinciples Of Physics
260 _bPrentice H̜all Of India
_c2000
_aNew Delhi
350 _a195
650 _aPhysics
_934358
942 _cBK
_k530/Nai
_2ddc
999 _c31405
_d31405